Learning English Grammer and Language

Bibliographic Details
Main Author: Nandy milon
Format: Book
Subjects:

MARC

LEADER 00000cam a2200000 7i4500
001 0000010231
005 20030507.0
020 |a 9679788016 
040 |a INS 
090 0 0 |a PE1128.   |b N25 
100 1 |a Nandy milon 
245 1 0 |a Learning English Grammer and Language 
650 0 0 |a English Language   |x Grammer 
999 |a 0000009414   |b BOOK   |c Open Shelf   |e Default branch 
999 |a 0000017392   |b BOOK   |c Open Shelf   |e Default branch 
999 |a 0000017393   |b BOOK   |c Open Shelf   |e Default branch 
999 |a 0000017394   |b BOOK   |c Open Shelf   |e Default branch